| 000 | 00688nam a22002177a 4500 | ||
|---|---|---|---|
| 003 | OSt | ||
| 005 | 20260203074906.0 | ||
| 008 | 260203b |||||||| |||| 00| 0 eng d | ||
| 020 | _a0-8053-4196-X. | ||
| 040 |
_aDWC-Main lib. _cOC |
||
| 082 |
_24th ed. _aCirc. 612 M334h 1998 |
||
| 100 | _aMarieb, Elaine Nicpon | ||
| 245 |
_aHuman anatomy and physiology/ _cElaine Nicpon Marieb |
||
| 260 |
_aCalifornia : _bBenjamin/Cunnings Sicence Publidhing, _cc1998. |
||
| 300 |
_axxiii, 1192 p. : _bcolored illustration ; _c28 cm. |
||
| 504 | _aInclude index. | ||
| 650 | _a1. Human Anatomy. | ||
| 650 | _a2. Physiology. | ||
| 760 | _b4th ed. | ||
| 942 |
_2ddc _cBK-CIRC _e4th ed. _hCirc. _n0 |
||
| 999 |
_c8212 _d8212 |
||